MDQL
is popping MORE tags! Check the
thread
!
Quizzes
Events
Quiz Creation
Community
Videos
Private Events
Remove Ads
Sign In
Join for FREE
Feedback
Dark Mode
Quiz Categories
Sports
Geography
Music
Movies
Television
Just For Fun
Miscellaneous
History
Literature
Language
Science
Gaming
Entertainment
Religion
Holiday
For Kids
Quiz Lab
Recent
Popular Today
Quiz Kudos Today
Editor Picks
Curator Picks
Quizzes by...
Day
Popularity
Type
Ratings
Length
Year
Community
Subscriptions
Recent Discussions
Orange Saloon
Badges
Playlists
Quests
Create
Leaderboards
Showdown
Live 5
Trivia Bingo
Activity
Puzzle Library
Sporcle Events
Private Events
Virtual Trivia
Globe League
Become a Host
Pub Owners
SporcleCon
Opinionation
Our Games
Videos
Blog
Mobile Apps
Partnerships
Remove Ads and Go Orange
Feedback
Music
Pop Music
The Beatles
Song
Album
Lyrics
Bands
Singers
Artist
Clip
Rock
Rap
Classical
Billboard
Country Music
Kpop
Taylor Swift
Music
Pop Music
The Beatles
Song
Album
Lyrics
Bands
Singers
Artist
Clip
Rock
Rap
Classical
Billboard
Country Music
Kpop
Taylor Swift
Random Quiz
Search Sporcle
×
Quiz Lab
Quiz Lab
Music
Album
Type in answers that appear in a list
Type in answers that appear in a list
Classic
Best Score? Go Orange.
Songs off Muse's studio albums Stats
Can you name the songs off Muse's studio albums?
By
Lepio
9m
59 Questions
508 Plays
508 Plays
508 Plays
Comments
Comments
Give Quiz Kudos
Give Quiz Kudos
-
- Ratings
hide this ad
Replay
Link that replays current quiz
Next Quiz
Link to next quiz in quiz playlist
You Got
0%
They Got
Avg Score
70%
Avg Friend Score
Upgrade to see
Score Distribution
Jump to the score distribution portion of the page
Score
0/59
Timer
09:00
0
Plays Today
Album
Song
% Correct
The Resistance
Uprising
89.7%
The Resistance
Resistance
89%
Black Holes and Revelations
Starlight
87.6%
Black Holes and Revelations
Knights Of Cydonia
86.4%
Black Holes and Revelations
Supermassive Black Hole
85%
Absolution
Hysteria
84.8%
Origin of Symmetry
Plug in Baby
84.4%
Origin of Symmetry
New Born
82.8%
Origin of Symmetry
Bliss
81.1%
Absolution
Time Is Running Out
80.9%
Showbiz
Showbiz
79.9%
Absolution
Stockholm Syndrome
79.5%
Showbiz
Sunburn
79.3%
Showbiz
Muscle Museum
78.7%
Absolution
Sing for Absolution
78.7%
The Resistance
United States of Eurasia [+Collateral Damage]
78.1%
Absolution
Intro
77.3%
Origin of Symmetry
Feeling Good
77.1%
Showbiz
Uno
75.9%
Absolution
Butterflies and Hurricanes
75.3%
Showbiz
Cave
75.1%
The Resistance
Undisclosed Desires
75.1%
The Resistance
MK Ultra
73.6%
Black Holes and Revelations
Invincible
72.8%
Absolution
Apocalypse Please
72.6%
Black Holes and Revelations
Map Of The Problematique
72.6%
Origin of Symmetry
Citizen Erased
71.8%
Black Holes and Revelations
Take A Bow
71.8%
The Resistance
I Belong To You [+Mon Coeur S'Ouvre A Ta Voix]
71.8%
Absolution
Thoughts of a Dying Atheist
71.6%
Album
Song
% Correct
Origin of Symmetry
Hyper Music
71.4%
Showbiz
Unintended
70.6%
Black Holes and Revelations
Assassin
70%
Absolution
Interlude
69%
Origin of Symmetry
Space Dementia
68.8%
Origin of Symmetry
Megalomania
68.8%
The Resistance
Unnatural Selection
68.6%
Black Holes and Revelations
Soldier's Poem
68.2%
Origin of Symmetry
Micro Cuts
67.9%
The Resistance
Guiding Light
67.3%
Showbiz
Hate This and I'll Love You
66.5%
Absolution
Falling Away with You
66.5%
Absolution
Blackout
66.1%
Black Holes and Revelations
Hoodoo
65.7%
Showbiz
Fillip
65.3%
Showbiz
Sober
65.3%
Black Holes and Revelations
Exo-Politics
64.5%
Absolution
Small Print
63.3%
Black Holes and Revelations
City Of Delusion
62.9%
Origin of Symmetry
Screenager
61.1%
Absolution
Endlessly
61.1%
Origin of Symmetry
Dark Shines
59.2%
Showbiz
Falling Down
57.8%
Absolution
Ruled by Secrecy
54.4%
Showbiz
Overdue
53.1%
Showbiz
Escape
50.9%
The Resistance
Exogenesis: Symphony Part 1 [Overture]
48.9%
The Resistance
Exogenesis: Symphony Part 2 [Cross-pollination]
48.1%
The Resistance
Exogenesis: Symphony Part 3 [Redemption]
45.8%
Quiz Playlist
Details
Report
Send in Message
Add To Playlist
Classic:
Type in answers that appear in a list
Last Updated: Feb 16, 2017
Quiz Scoreboard
CHALLENGE
Sign Up to Join the Scoreboard
Show All
Scores
Hide
Comments
May contain spoilers
Recently Published
1-10 Letter E Words III
by El_Dandy
Language
2m
Street Fighter Characters
by Artimus82
Gaming
60s
College Basketball Coaching Resumes
by pancakes188
Sports
9m
More to Explore
Quiz From the Vault
Featured Blog Post
Where Did the Easter Bunny Come From?
hide this ad
You Might Also Like...
Tags
Album Quiz
Song Quiz
muse
studio
Today's Top Quizzes in Music
Browse Music
hide this ad
Today's Top Quizzes in Album
Browse Album
Top Contributed Quizzes in Music
1
Taylor Swift All Songs (2024)
2
Taylor Swift Logic Puzzle
3
Guess the Artist- 70s Songs
4
7-to-1: Billboard Hot 100 #1 Hits of 2010s
5
Sorting Albums and Songs
6
KPOP LOGIC QUIZ
7
Billboard Blitz: Aretha Franklin
8
Guess the Taylor Swift song (Mystery Song)
9
Guess The Taylor Swift Lyrics Song #1
10
Billboard Blitz: ABBA
Explore More
Trending Topics
Marvel
NBA
Kpop
Harry Potter
Anime
Disney
Crossword
WWE
Song
Pokémon
Country
NFL
Puzzle
Soccer
The Office
hide this ad
More By:
Lepio
Quiz
Plays
Rating
Category
Featured
Created
songs off Muse's studio albums
508
3.80
Music
Oct 4, 2009
I love you
308
2.33
Language
Nov 2, 2009
2000s Billboard #1s for every letter
215
3.50
Music
Nov 14, 2009
Desperate Housewives Episodes
204
3.67
Television
Sep 27, 2009
Supervolcanoes
186
4.00
Geography
Oct 6, 2009
Go to Creator's Profile
Score Distribution
Quiz Creator Spotlight
Lepio
Follow
Send a Message
Quizzes Created
-
Created Quiz Play Count
-
More By This Creator
Popular Quizzes Today
1
Find the US States - No Outlines Minefield
2
Find the Countries of Europe - No Outlines Minefield
3
The Countries of the World
4
Find the US States
5
Risky Map Clicking: Biggest States A-Z
6
US States
7
Popular People in 1961
8
Movies - When Are They Set?
More Music Quizzes
Coldplay by any 3 letters
Quiz Lab
Trending Quizzes
Risky Map Clicking: Least Populous States A-Z
USA Borders Longest to Shortest
1-10 Letter G Words
1-10 Letter F Words
Countries of the World: 200 Million BC
Recently Updated
Leaping Animals
pecheneg
Reality TV Shows (A-Z)
bhenderson79
Rickey Henderson's Hall of Fame Teammates
pecheneg
Champions League XIs: Arsenal
pecheneg
Quick Pick: Celebrities in WWE's Hall of Fame
aduchscher
A-Z Keypad Blitz II
pecheneg
Multiple Oscar Actors
pecheneg
Mystery Phrase Blitz: Oscar 'Best Actors'
pecheneg
F. Scott Fitzgerald Novels
LTH
Pick 3 Villains
ddd62291
Trending Topics
Harry Potter
Crossword
NBA
Kpop
Disney
Marvel
Anime
Puzzle
Pokémon
Country
NFL
WWE
Soccer
The Office
Song
Your Account Isn't Verified!
In order to create a playlist on Sporcle, you need to verify the email address you used during registration. Go to your
Sporcle Settings
to finish the process.
Report this User
Report this user for behavior that violates our
Community Guidelines
.
Details:
Send Report
Go to the Sporcle.com Mobile Site →
Comments